000 00824nam a2200289 a 4500
001 31915
003 BD-RjUL
005 20211209051751.0
008 181020s1980 bg 000 0 eng
020 _c: Tk. 2.00
035 _a(BD-RjUL)32004
040 _aDLC
_cDLC
_dBD-RjUL
_beng
041 _aeng
082 0 0 _a297.5
_bALE 1980
_223
100 1 _aAli, Syed Ameer,
_d1849-1928.
_955192
245 1 4 _aThe ethics of Islam /
_cby Syed Ameer Ali.
250 _a1st ICCD ed.
260 _aDacca:
_bICCD ,
_c1980
300 _a34, [1] p. ;
_c22 cm.
490 _aICCD Publications ;
_v42
490 _aIFB Publications ;
_v428
650 0 _aReligious life
_xIslam.
_950242
830 _aICCD Publications ;
_v42
_9223886
830 _aIFB Publications ;
_v428
_9210778
942 _2ddc
_cBK
999 _c31915
_d31915